| 000 | 00623nam a2200229Ia 4500 | ||
|---|---|---|---|
| 003 | OSt | ||
| 005 | 20220924134955.0 | ||
| 006 | a|||||r|||| 00| 0 | ||
| 007 | ta | ||
| 008 | 220923b |||||||| |||| 00| 0 ben d | ||
| 024 | _a288038 | ||
| 037 | _cTextual | ||
| 040 |
_aARTS _cARTS _bben |
||
| 041 |
_2ben _aben |
||
| 082 | _aDelta2y7M761:g, 157M8 | ||
| 100 |
_aMukhopadhyay _9154775 |
||
| 245 | 0 | _aVivekananda parikar Krianchandra Dutta otatkaleen samaj | |
| 260 | _c1988 | ||
| 700 | _a Dutta | ||
| 942 |
_hDelta2y7M761:g, 157M8 _cTEXL _2CC |
||
| 999 |
_c439278 _d439278 |
||